[Event "4NCL Division Two"]
[Site "Warwick, ENG"]
[Date "2023.02.12"]
[Round "6.57"]
[White "Head, Louise"]
[Black "Brewer, Callum D"]
[Result "1/2-1/2"]
[WhiteElo "2091"]
[BlackElo "2143"]
[PlyCount "40"]
[EventDate "2023.02.12"]
[WhiteTeam "The Sharks 2"]
[BlackTeam "Sussex Martlets 1"]

1. d4 Nf6 2. c4 e6 3. Nf3 d5 4. Nc3 Bb4 5. cxd5 exd5 6. Bg5 h6 7. Bxf6 Qxf6 8.
Qb3 Bxc3+ 9. bxc3 c6 10. e3 O-O 11. Bd3 Nd7 12. O-O b6 13. c4 dxc4 14. Qxc4 c5
15. Qd5 Rb8 16. Rfd1 cxd4 17. Qxd4 Qxd4 18. Nxd4 Nc5 19. Bc4 Bb7 20. Rac1 g6
1/2-1/2

[Event "4NCL Division Two"]
[Site "Warwick, ENG"]
[Date "2023.02.12"]
[Round "6.58"]
[White "Graham, Cassie M"]
[Black "Lentzos, Ioanis"]
[Result "1/2-1/2"]
[WhiteElo "1987"]
[BlackElo "2181"]
[PlyCount "61"]
[EventDate "2023.02.12"]
[WhiteTeam "Sussex Martlets 1"]
[BlackTeam "The Sharks 2"]

1. e4 c5 2. Nf3 e6 3. d4 cxd4 4. Nxd4 Nc6 5. Nc3 Qc7 6. Be3 a6 7. Qd2 Nf6 8.
O-O-O Be7 9. f4 b5 10. e5 b4 11. Ncb5 axb5 12. Nxb5 Qa5 13. exf6 gxf6 14. Nd6+
Bxd6 15. Qxd6 Qxa2 16. Rd3 Qa1+ 17. Kd2 Ra2 18. Rb3 Rxb2 19. Bb5 Qxh1 20. Bxc6
dxc6 21. Qxc6+ Kf8 22. Bd4 Qxh2 23. Qc5+ Kg8 24. Qxc8+ Kg7 25. Bxf6+ Kxf6 26.
Qxh8+ Ke7 27. Qxb2 Qxg2+ 28. Kd3 Qf3+ 29. Kd2 Qf2+ 30. Kd3 Qf3+ 31. Kd2 1/2-1/2

[Event "4NCL Division Two"]
[Site "Warwick, ENG"]
[Date "2023.02.12"]
[Round "6.61"]
[White "Turner, Max N"]
[Black "Ratnesan, Ranesh"]
[Result "1-0"]
[WhiteElo "2255"]
[BlackElo "2341"]
[PlyCount "85"]
[EventDate "2023.02.12"]
[WhiteTeam "North East England"]
[BlackTeam "KJCA Kings"]

1. d4 d5 2. c4 e6 3. Nf3 Nf6 4. g3 dxc4 5. Bg2 Nc6 6. O-O a6 7. e3 Bd7 8. Qe2
Bd6 9. Qxc4 O-O 10. Bd2 Rb8 11. Qc2 b5 12. Ng5 Rb6 13. Nc3 h6 14. Nge4 Nxe4 15.
Nxe4 Bb4 16. Bxb4 Nxb4 17. Qd2 Nd5 18. Rac1 Bc6 19. Nc5 Qe7 20. Nd3 Ba8 21. Rc5
Nf6 22. Bxa8 Rxa8 23. Qc2 Ne8 24. Rc1 Rd8 25. Nf4 Qf6 26. b3 g5 27. Nd3 Rd5 28.
Rc3 Kg7 29. Ne5 Qd8 30. Qe2 b4 31. Rc4 a5 32. Qh5 Qe7 33. Ng4 e5 34. Nxe5 Rf6
35. Qe2 Qd8 36. Qg4 Rfd6 37. Nc6 Qd7 38. Qxd7 Rxd7 39. Rc5 Nf6 40. Rxa5 Rxa5
41. Nxa5 Nd5 42. Nc6 f5 43. Rc4 1-0

[Event "4NCL Division Two"]
[Site "Warwick, ENG"]
[Date "2023.02.12"]
[Round "6.62"]
[White "Harakis, Alexis M"]
[Black "Walker, David J"]
[Result "1/2-1/2"]
[WhiteElo "2282"]
[BlackElo "2244"]
[PlyCount "92"]
[EventDate "2023.02.12"]
[WhiteTeam "KJCA Kings"]
[BlackTeam "North East England"]

1. e4 e5 2. Nf3 Nc6 3. Bc4 Nf6 4. d3 Be7 5. O-O O-O 6. Re1 d6 7. a4 Be6 8. Nc3
Nd4 9. Nxd4 exd4 10. Ne2 c5 11. Ng3 Qd7 12. Bd2 a6 13. a5 Rfe8 14. h3 d5 15.
exd5 Bxd5 16. Bxd5 Qxd5 17. Bf4 Bf8 18. Ra3 Rxe1+ 19. Qxe1 c4 20. Ra4 cxd3 21.
cxd3 Re8 22. Qd2 h6 23. Ne2 Bc5 24. Rc4 Ba7 25. b4 Kh7 26. Qb2 Qf5 27. Qd2 Rxe2
28. Qxe2 Qxf4 29. Qe7 Bb8 30. Qxb7 Be5 31. g3 Qf5 32. Rc5 Nd7 33. Qc8 Qe6 34.
Rc6 Qxh3 35. b5 Bxg3 36. fxg3 Qxg3+ 37. Kh1 Qh3+ 38. Kg1 Qg3+ 39. Kh1 Qf3+ 40.
Kg1 Qd1+ 41. Kh2 Qe2+ 42. Kg1 Ne5 43. Qf5+ g6 44. Qf2 Qg4+ 45. Qg2 Qd1+ 46. Qf1
Qg4+ 1/2-1/2

[Event "4NCL Division Two"]
[Site "Warwick, ENG"]
[Date "2023.02.12"]
[Round "6.63"]
[White "Taylor, Adam A"]
[Black "Merriman, John"]
[Result "1/2-1/2"]
[WhiteElo "2252"]
[BlackElo "2366"]
[PlyCount "72"]
[EventDate "2023.02.12"]
[WhiteTeam "North East England"]
[BlackTeam "KJCA Kings"]

1. Nf3 d5 2. g3 Bg4 3. Bg2 Nd7 4. d4 c6 5. O-O Ngf6 6. c4 e6 7. Ne5 Bf5 8. Nc3
Be7 9. Bf4 O-O 10. a3 Nxe5 11. dxe5 Nd7 12. cxd5 exd5 13. e4 dxe4 14. Nxe4 Nc5
15. Nxc5 Bxc5 16. Qh5 Qc8 17. Qe2 Qe6 18. Bf3 Rfe8 19. Rad1 h6 20. Rfe1 Rad8
21. b4 Bd4 22. b5 Rd7 23. Be3 c5 24. Bxd4 cxd4 25. Be4 Bxe4 26. Qxe4 f5 27. Qf4
Red8 28. Rd3 Rd5 29. h4 Re8 30. a4 Rxe5 31. Rxe5 Qxe5 32. Qxe5 Rxe5 33. Rxd4
Kf7 34. Rc4 b6 35. Kg2 Re7 36. Kf3 g5 1/2-1/2

[Event "4NCL Division Two"]
[Site "Warwick, ENG"]
[Date "2023.02.12"]
[Round "6.64"]
[White "Merriman, James"]
[Black "Oswald, Graeme"]
[Result "0-1"]
[WhiteElo "2204"]
[BlackElo "2164"]
[PlyCount "116"]
[EventDate "2023.02.12"]
[WhiteTeam "KJCA Kings"]
[BlackTeam "North East England"]

1. d4 Nf6 2. c4 e6 3. Nc3 Bb4 4. e3 b6 5. Nge2 Ba6 6. a3 Bxc3+ 7. Nxc3 d5 8.
Qf3 O-O 9. cxd5 exd5 10. Bxa6 Nxa6 11. O-O Re8 12. Rd1 c6 13. b4 Nc7 14. Bb2 a5
15. Rdc1 axb4 16. axb4 b5 17. Ne2 Rxa1 18. Bxa1 Qd7 19. Nf4 Na6 20. Nd3 Qd6 21.
Qg3 Qxg3 22. hxg3 Re6 23. Nc5 Nxc5 24. dxc5 Ne4 25. Bd4 f6 26. Ra1 h5 27. Ra7
Kh7 28. Rc7 Kh6 29. Rd7 Kg6 30. Kf1 Ng5 31. f3 Nf7 32. f4 Nh6 33. Kf2 Nf5 34.
Rc7 Ne7 35. Kf3 Kf5 36. Rd7 g5 37. Rc7 g4+ 38. Ke2 Kg6 39. Kf2 Nf5 40. Rc8 Nxd4
41. exd4 Kf5 42. Rc7 Ke4 43. Rd7 Kxd4 44. Rd6 Re3 45. Rxc6 Rb3 46. Rxf6 Rxb4
47. c6 Rc4 48. Re6 b4 49. f5 b3 50. f6 Rc2+ 51. Kf1 b2 52. Re1 Rxc6 53. f7 Rf6+
54. Kg1 Rxf7 55. Kh2 Kc3 56. Re3+ Kd2 57. Rb3 Kc2 58. Ra3 h4 0-1

[Event "4NCL Division Two"]
[Site "Warwick, ENG"]
[Date "2023.02.12"]
[Round "6.65"]
[White "Dargan, Paul A G"]
[Black "Bansal, Rohan"]
[Result "1-0"]
[WhiteElo "2166"]
[BlackElo "2098"]
[PlyCount "73"]
[EventDate "2023.02.12"]
[WhiteTeam "North East England"]
[BlackTeam "KJCA Kings"]

1. d4 Nf6 2. c4 e6 3. Nf3 b6 4. a3 Bb7 5. Nc3 d5 6. cxd5 Nxd5 7. e3 Be7 8. Bb5+
c6 9. Bd3 Nd7 10. O-O Rc8 11. e4 Nxc3 12. bxc3 O-O 13. Qe2 Qc7 14. Bb2 c5 15.
Rad1 c4 16. Bb1 Rfe8 17. e5 Qc6 18. Bc1 Qa4 19. Bc2 Qa5 20. Bb2 b5 21. h4 Nb6
22. Ng5 Bxg5 23. hxg5 Na4 24. Ba1 Nb6 25. Bb2 Na4 26. Bb1 Nxc3 27. Qd2 b4 28.
Bxc3 bxc3 29. Qf4 g6 30. Kh2 Qxa3 31. Rh1 Bd5 32. Bc2 Qf8 33. Kg3 Qg7 34. Rh6
Rc7 35. Rdh1 f5 36. gxf6 g5 37. Qg4 1-0

[Event "4NCL Division Two"]
[Site "Warwick, ENG"]
[Date "2023.02.12"]
[Round "6.66"]
[White "Young, Daniel J"]
[Black "Stubbs, Oliver"]
[Result "1/2-1/2"]
[WhiteElo "1984"]
[BlackElo "2179"]
[PlyCount "86"]
[EventDate "2023.02.12"]
[WhiteTeam "KJCA Kings"]
[BlackTeam "North East England"]

1. Nf3 Nf6 2. g3 g6 3. Bg2 Bg7 4. O-O O-O 5. d4 d5 6. c4 dxc4 7. Na3 c5 8. Nxc4
Be6 9. Nfe5 Bd5 10. dxc5 Bxg2 11. Kxg2 Nfd7 12. Nxd7 Nxd7 13. c6 bxc6 14. Be3
Ne5 15. Nxe5 Bxe5 16. Qc2 Qd5+ 17. Kg1 Rab8 18. Rfd1 Qe6 19. Bd4 Bxd4 20. Rxd4
Rfd8 21. Rxd8+ Rxd8 22. b3 Qd5 23. Rc1 Rd6 24. Qc3 Qd2 25. Qxd2 Rxd2 26. Rxc6
Rxa2 27. e3 g5 28. Rc7 e6 29. h3 Kg7 30. Kg2 a5 31. Ra7 Ra3 32. Ra6 Kg6 33. g4
h5 34. Ra8 h4 35. Rg8+ Kf6 36. Ra8 Ke5 37. Ra7 f6 38. Ra6 Kd5 39. Kf3 Ra1 40.
Kg2 Ra2 41. Kf3 Ra3 42. Kg2 Ke5 43. Kf3 Ra1 1/2-1/2

[Event "4NCL Division Two"]
[Site "Warwick, ENG"]
[Date "2023.02.12"]
[Round "6.67"]
[White "Longson, Sarah N"]
[Black "Anilkumar, Anantha P P"]
[Result "1-0"]
[WhiteElo "2135"]
[BlackElo "1353"]
[PlyCount "99"]
[EventDate "2023.02.12"]
[WhiteTeam "North East England"]
[BlackTeam "KJCA Kings"]

1. e4 d6 2. d4 g6 3. Nf3 Bg7 4. c3 Nf6 5. Bd3 O-O 6. Bg5 a6 7. Qc1 b5 8. h3
Nbd7 9. e5 Ne8 10. Be4 Rb8 11. Bh6 Bb7 12. Bxb7 Rxb7 13. h4 f6 14. e6 Nb6 15.
O-O Qc8 16. Re1 c6 17. Na3 Nc7 18. Bxg7 Kxg7 19. h5 Nxe6 20. Qe3 Nd8 21. Re2
Nd5 22. Qd2 Ne6 23. g3 Re8 24. Nc2 Nf8 25. Ne3 Nb6 26. Kg2 Nfd7 27. Rh1 Rh8 28.
Ng4 Nf8 29. Qh6+ Kg8 30. Ne3 a5 31. Nh4 e6 32. Ng4 Nd5 33. Qd2 f5 34. Nh6+ Kg7
35. Nf3 Qd8 36. b3 f4 37. c4 Kxh6 38. cxd5 cxd5 39. hxg6+ Kxg6 40. Qxf4 h5 41.
Rh3 Rf7 42. Nh4+ Kg7 43. Qd2 Rh6 44. f4 Qb6 45. Nf3 Nh7 46. Qe1 Re7 47. f5 Nf8
48. Qd2 Qd8 49. Qg5+ Kh7 50. Rxh5 1-0

[Event "4NCL Division Two"]
[Site "Warwick, ENG"]
[Date "2023.02.12"]
[Round "6.68"]
[White "Ratnesan, Radha"]
[Black "Gazis, Georgios"]
[Result "0-1"]
[WhiteElo "1655"]
[BlackElo "1961"]
[PlyCount "94"]
[EventDate "2023.02.12"]
[WhiteTeam "KJCA Kings"]
[BlackTeam "North East England"]

1. d4 Nf6 2. Nf3 e6 3. c4 c5 4. d5 d6 5. Nc3 exd5 6. cxd5 g6 7. Bf4 a6 8. a4
Bg7 9. h3 O-O 10. e3 Qb6 11. Qd2 Bf5 12. Be2 Ne4 13. Nxe4 Bxe4 14. O-O Nd7 15.
a5 Qc7 16. Ng5 Nf6 17. Nxe4 Nxe4 18. Qc2 Rfe8 19. Bf3 f5 20. Ra4 Nf6 21. Rc1 b5
22. axb6 Qxb6 23. Rca1 Ra7 24. Bg3 Nd7 25. Be2 Rea8 26. R1a2 Ne5 27. b4 cxb4
28. Qb3 a5 29. Rc2 Rc7 30. Raa2 Nd7 31. Rxc7 Qxc7 32. Qc2 Nc5 33. Qb1 b3 34.
Ra3 Qb6 35. Bd3 Qb4 36. Rxb3 Qxb3 37. Qxb3 Nxb3 38. Bxd6 a4 39. Ba3 Bf8 40. d6
Kf7 41. Bc4+ Ke8 42. Be6 Kd8 43. Bc4 Rb8 44. Bg8 Kd7 45. Bxh7 Bxd6 46. Bxd6
Kxd6 47. Bxg6 a3 0-1

[Event "4NCL Division Two"]
[Site "Daventry, ENG"]
[Date "2023.03.19"]
[Round "8.11"]
[White "Kolani, Arjun"]
[Black "Cherniaev, Alexander"]
[Result "0-1"]
[WhiteElo "2174"]
[BlackElo "2384"]
[PlyCount "70"]
[EventDate "2023.03.19"]
[WhiteTeam "Sussex Martlets 1"]
[BlackTeam "Barnet Knights A"]

1. e4 c6 2. c4 e5 3. Nf3 d6 4. d4 Bg4 5. dxe5 Bxf3 6. Qxf3 dxe5 7. Be2 Nd7 8.
O-O Ngf6 9. Nc3 Bc5 10. Be3 Qe7 11. a3 Bxe3 12. Qxe3 Nc5 13. b4 Ne6 14. c5 O-O
15. Bc4 Nd4 16. Rac1 b5 17. cxb6 axb6 18. Ne2 b5 19. Bd3 Rxa3 20. Nxd4 exd4 21.
Qe2 Rc3 22. e5 Nd5 23. Qe4 g6 24. Bxb5 Qxb4 25. Bxc6 Qc5 26. Rxc3 Nxc3 27. Qf3
Qxe5 28. Qd3 Rb8 29. g3 Rb2 30. Ra1 Kg7 31. Bf3 h5 32. Ra7 Qe1+ 33. Qf1 Qd2 34.
Ra1 h4 35. Kg2 h3+ 0-1

[Event "4NCL Division Two"]
[Site "Daventry, ENG"]
[Date "2023.03.19"]
[Round "8.12"]
[White "Rocco, Federico"]
[Black "Willson, Ollie"]
[Result "0-1"]
[WhiteElo "2205"]
[BlackElo "2126"]
[PlyCount "124"]
[EventDate "2023.03.19"]
[WhiteTeam "Barnet Knights A"]
[BlackTeam "Sussex Martlets 1"]

1. e4 c5 2. Nf3 e6 3. d4 cxd4 4. Nxd4 Nc6 5. Nc3 Qc7 6. Be3 a6 7. Qf3 Bd6 8.
O-O-O Be5 9. Qe2 Nge7 10. g3 O-O 11. f4 Nxd4 12. Bxd4 Bxd4 13. Rxd4 b5 14. Bg2
Rb8 15. Rhd1 Nc6 16. R4d3 Qa5 17. a3 b4 18. Na2 Qc5 19. Qe3 Qe7 20. Rd6 Na5 21.
b3 Nc6 22. a4 f6 23. Qc5 Re8 24. Bf1 g6 25. Bc4 a5 26. g4 Kh8 27. h4 e5 28. g5
fxg5 29. hxg5 exf4 30. Rxc6 Qxe4 31. Qd6 Qe5 32. Qxe5+ Rxe5 33. Rf6 Rxg5 34.
Rf8+ Kg7 35. Rg8+ Kf6 36. Rd5 Rg1+ 37. Kb2 g5 38. Rc5 g4 39. Rgxc8 Rxc8 40.
Rxc8 f3 41. Nc1 h5 42. Nd3 h4 43. Nf2 Ke7 44. Rh8 g3 45. Ne4 g2 46. Rh7+ Kd8
47. Rxh4 Re1 48. Rh8+ Kc7 49. Rg8 Rxe4 50. Bd5 Re1 51. Bxf3 g1=Q 52. Rxg1 Rxg1
53. Be2 Kb6 54. Bc4 d6 55. Ka2 Kc5 56. Kb2 Kd4 57. Bd3 Ke3 58. Bc4 Kd2 59. Bd5
Rg5 60. Bc4 Re5 61. Bd3 d5 62. Kb1 Kc3 0-1

[Event "4NCL Division Two"]
[Site "Daventry, ENG"]
[Date "2023.03.19"]
[Round "8.13"]
[White "Payne, Matthew J"]
[Black "Mirzoeva, Elmira"]
[Result "0-1"]
[WhiteElo "2166"]
[BlackElo "2245"]
[PlyCount "80"]
[EventDate "2023.03.19"]
[WhiteTeam "Sussex Martlets 1"]
[BlackTeam "Barnet Knights A"]

1. e4 c6 2. d4 d5 3. e5 Bf5 4. h4 h6 5. g4 Be4 6. f3 Bh7 7. e6 Nf6 8. Bf4 Qb6
9. Nc3 Qxb2 10. Kd2 Qb4 11. Be5 b6 12. Nh3 fxe6 13. Nf4 Nbd7 14. Rb1 Qa5 15.
Qe2 Nxe5 16. Qxe5 O-O-O 17. g5 Nd7 18. Qxe6 Kb7 19. Nd3 Bg8 20. Qe3 e5 21. Nxe5
Bb4 22. Rb3 Nc5 23. Rxb4 Qxb4 24. Nxc6 Kxc6 25. Bb5+ Kb7 26. Rb1 Qa3 27. Qe7+
Rd7 28. Qe8 Rc7 29. dxc5 Qxc5 30. Rb3 Qf2+ 31. Kc1 Bh7 32. Qe2 Qxe2 33. Bxe2
Rhc8 34. Nxd5 Rxc2+ 35. Kd1 Rd8 36. Bd3 Bxd3 37. Rxd3 Rxa2 38. gxh6 gxh6 39.
Nb4 Rxd3+ 40. Nxd3 Rh2 0-1

[Event "4NCL Division Two"]
[Site "Daventry, ENG"]
[Date "2023.03.19"]
[Round "8.14"]
[White "Villiers, Thomas"]
[Black "Graham, David B"]
[Result "0-1"]
[WhiteElo "2185"]
[BlackElo "2187"]
[PlyCount "84"]
[EventDate "2023.03.19"]
[WhiteTeam "Barnet Knights A"]
[BlackTeam "Sussex Martlets 1"]

1. e4 e6 2. c4 d5 3. cxd5 exd5 4. Qb3 Nf6 5. e5 Ne4 6. Nc3 Nxc3 7. bxc3 Be7 8.
d4 O-O 9. Bd3 c5 10. Qb1 cxd4 11. cxd4 Nc6 12. Bxh7+ Kh8 13. Nf3 Bg4 14. Be3
Bb4+ 15. Ke2 Qh4 16. Be4 dxe4 17. Qxe4 Bxf3+ 18. Kxf3 Qxe4+ 19. Kxe4 f5+ 20.
Kf4 g5+ 21. Kxg5 f4 22. Bxf4 Nxd4 23. g3 Ne6+ 24. Kg4 Nxf4 25. gxf4 Bd2 26. f5
Bc3 27. f4 Bxa1 28. Rxa1 Rg8+ 29. Kf3 Kg7 30. f6+ Kf7 31. Ke4 Ke6 32. Rb1 b6
33. Rb3 Rac8 34. f5+ Kf7 35. Rd3 Rgd8 36. Rxd8 Rxd8 37. h4 Rh8 38. Kf4 Rxh4+
39. Kg5 Rh2 40. e6+ Kf8 41. f7 Re2 42. Kf6 b5 0-1

[Event "4NCL Division Two"]
[Site "Daventry, ENG"]
[Date "2023.03.19"]
[Round "8.15"]
[White "Grant, David J"]
[Black "Badacsonyi, Frankie"]
[Result "0-1"]
[WhiteElo "2217"]
[BlackElo "2183"]
[PlyCount "80"]
[EventDate "2023.03.19"]
[WhiteTeam "Sussex Martlets 1"]
[BlackTeam "Barnet Knights A"]

1. Nf3 Nf6 2. d4 e6 3. e3 b6 4. Be2 Bb7 5. b3 c5 6. O-O Be7 7. Bb2 O-O 8. c4
cxd4 9. Nxd4 a6 10. Nc3 d6 11. Bf3 Qc7 12. Rc1 Nbd7 13. h3 Rac8 14. Re1 Rfd8
15. Bxb7 Qxb7 16. e4 Nc5 17. Qf3 Nfd7 18. Qg3 Ne5 19. Rcd1 Bf6 20. f4 Ng6 21.
Qf3 Nxf4 22. Qxf4 Bxd4+ 23. Rxd4 e5 24. Qh4 exd4 25. Nd5 f6 26. Bxd4 Rf8 27.
Qg4 Kh8 28. Rf1 Rce8 29. Nxf6 Re6 30. Nh5 Rxf1+ 31. Kxf1 Rg6 32. Qh4 Qf7+ 33.
Kg1 Ne6 34. Bxb6 Qf3 35. g4 Ng5 36. Kh2 Qf1 37. Kg3 Nxe4+ 38. Kh2 Ng5 39. Kg3
h6 40. Nf4 Qf3+ 0-1

[Event "4NCL Division Two"]
[Site "Daventry, ENG"]
[Date "2023.03.19"]
[Round "8.16"]
[White "Thatte, Nishchal"]
[Black "Blake, J Morgan"]
[Result "0-1"]
[WhiteElo "2101"]
[BlackElo "2118"]
[PlyCount "88"]
[EventDate "2023.03.19"]
[WhiteTeam "Barnet Knights A"]
[BlackTeam "Sussex Martlets 1"]

1. d4 d6 2. Nf3 Nf6 3. g3 Nbd7 4. Bg2 e5 5. c4 Be7 6. Nc3 O-O 7. O-O c6 8. e4
a6 9. a4 b6 10. Nh4 g6 11. Be3 Bb7 12. Qe2 Re8 13. Rad1 Qb8 14. Rfe1 Bf8 15. f4
exd4 16. Bxd4 d5 17. cxd5 cxd5 18. e5 Nc5 19. b4 Nb3 20. Bxb6 d4 21. Bxd4 Bxg2
22. Kxg2 Qxb4 23. Qe3 Rac8 24. Rb1 Ng4 25. Qg1 Rxc3 26. Bxc3 Qxc3 27. Re2 Nd4
28. Reb2 Bc5 29. Qe1 Qd3 30. h3 Ne3+ 31. Kh2 Nef5 32. Rd2 Qc4 33. Qe4 Nxh4 34.
gxh4 Qc3 35. Rf2 Nf5 36. Qf3 Qd4 37. Rc2 Nxh4 38. Qc6 Qxf4+ 39. Kh1 Rxe5 40.
Rd1 Qg3 41. Qc8+ Kg7 42. Qg4 Re1+ 43. Rxe1 Qxe1+ 44. Kh2 Bd6+ 0-1

[Event "4NCL Division Two"]
[Site "Daventry, ENG"]
[Date "2023.03.19"]
[Round "8.17"]
[White "Miller, Dominic"]
[Black "Pollack, Oscar"]
[Result "0-1"]
[WhiteElo "2129"]
[BlackElo "2098"]
[PlyCount "68"]
[EventDate "2023.03.19"]
[WhiteTeam "Sussex Martlets 1"]
[BlackTeam "Barnet Knights A"]

1. e4 e6 2. d4 d5 3. Nc3 Bb4 4. e5 c5 5. a3 Bxc3+ 6. bxc3 Ne7 7. Qg4 Qc7 8.
Qxg7 Rg8 9. Qxh7 cxd4 10. Ne2 Nbc6 11. f4 dxc3 12. Qd3 d4 13. Nxd4 Nxd4 14.
Qxd4 Bd7 15. Rg1 Nf5 16. Qf2 Qc6 17. Bd3 Qd5 18. Be3 Bc6 19. g4 Nxe3 20. Qxe3
Rh8 21. h3 O-O-O 22. Kf2 Rh4 23. Rg3 Rdh8 24. Be2 Rxh3 25. Rag1 Rh2+ 26. Ke1
Rd8 27. Qxc3 Qe4 28. Re3 Qxf4 29. Rf1 Qg5 30. Rxf7 Qh4+ 31. Rg3 Rg2 32. Rff3
Kb8 33. Re3 Rg1+ 34. Bf1 Bb5 0-1

[Event "4NCL Division Two"]
[Site "Daventry, ENG"]
[Date "2023.03.19"]
[Round "8.18"]
[White "Willmoth, Robert F"]
[Black "Graham, Cassie M"]
[Result "1/2-1/2"]
[WhiteElo "2140"]
[BlackElo "1991"]
[PlyCount "96"]
[EventDate "2023.03.19"]
[WhiteTeam "Barnet Knights A"]
[BlackTeam "Sussex Martlets 1"]

1. d4 Nf6 2. Nf3 g6 3. c4 d5 4. cxd5 Nxd5 5. g3 Bg7 6. Bg2 O-O 7. O-O c6 8. e4
Nb6 9. h3 Be6 10. Na3 h6 11. Qe2 a5 12. Rd1 Na6 13. Be3 Nb4 14. b3 Nc8 15. Rac1
Nd6 16. Ne5 a4 17. Qd2 Nxa2 18. Qxa2 Bxb3 19. Qb2 Bxd1 20. Rxd1 Qc7 21. f4 Ra6
22. Rb1 Rb8 23. Nd3 Qd8 24. g4 Ra5 25. e5 Nb5 26. d5 Nxa3 27. Qxa3 Rxd5 28.
Bxd5 Qxd5 29. Kf2 e6 30. Nb4 Qe4 31. Qd3 Qxd3 32. Nxd3 Bf8 33. Bb6 Ra8 34. Bc5
b5 35. Ra1 Rd8 36. Bxf8 Kxf8 37. Ke3 Ke7 38. Rc1 Rc8 39. Kd4 Rd8+ 40. Ke4 Rc8
41. Rc3 Kd7 42. Kd4 Kc7 43. Kc5 Ra8 44. Nb4 a3 45. Rc2 Ra4 46. Rd2 Kc8 47. Rc2
Kc7 48. Ra2 Kb7 1/2-1/2

[Event "4NCL Division Two"]
[Site "Daventry, ENG"]
[Date "2023.03.19"]
[Round "8.21"]
[White "Richardson, John R"]
[Black "Berry, Neil"]
[Result "0-1"]
[WhiteElo "2298"]
[BlackElo "2228"]
[PlyCount "42"]
[EventDate "2023.03.19"]
[WhiteTeam "The ADs"]
[BlackTeam "Alba"]

1. d4 Nf6 2. c4 e6 3. Nc3 Bb4 4. e3 O-O 5. Nge2 c6 6. a3 Ba5 7. b4 Bc7 8. e4 d5
9. e5 Nfd7 10. cxd5 exd5 11. Nf4 Nxe5 12. dxe5 Bxe5 13. Qf3 Bg4 14. Qxg4 Bxc3+
15. Bd2 Bxa1 16. Bd3 Re8+ 17. Kf1 Nd7 18. Nh5 g6 19. Qg3 Nf6 20. Nxf6+ Qxf6 21.
h4 Bc3 0-1

[Event "4NCL Division Two"]
[Site "Daventry, ENG"]
[Date "2023.03.19"]
[Round "8.22"]
[White "McKay, Roderick M"]
[Black "Bradbury, Neil H"]
[Result "1/2-1/2"]
[WhiteElo "2213"]
[BlackElo "2205"]
[PlyCount "52"]
[EventDate "2023.03.19"]
[WhiteTeam "Alba"]
[BlackTeam "The ADs"]

1. d3 d5 2. f4 Nf6 3. Nf3 g6 4. c3 Bg7 5. Qc2 O-O 6. Na3 c6 7. e4 Na6 8. e5 Nh5
9. Be2 f6 10. d4 fxe5 11. fxe5 Nf4 12. Bxf4 Rxf4 13. O-O Nc7 14. g3 Rf8 15. Nh4
Bh3 16. Rxf8+ Qxf8 17. Bf1 Be6 18. Bd3 Bh6 19. Qe2 Qg7 20. Nc2 Rf8 21. Ne3
Bxe3+ 22. Qxe3 g5 23. Ng2 h6 24. Rf1 Rxf1+ 25. Bxf1 Bf5 26. Qf2 Qg6 1/2-1/2

[Event "4NCL Division Two"]
[Site "Daventry, ENG"]
[Date "2023.03.19"]
[Round "8.23"]
[White "Snape, Ian L"]
[Black "Waldhausen Gordon, Frederick"]
[Result "0-1"]
[WhiteElo "2197"]
[BlackElo "2154"]
[PlyCount "46"]
[EventDate "2023.03.19"]
[WhiteTeam "The ADs"]
[BlackTeam "Alba"]

1. d4 Nf6 2. c4 e6 3. Nf3 d5 4. Nc3 Be7 5. Bf4 O-O 6. e3 b6 7. Bd3 dxc4 8. Bxc4
Ba6 9. Bxa6 Nxa6 10. O-O c5 11. Qe2 Qc8 12. e4 cxd4 13. Nxd4 Rd8 14. Rfd1 Qb7
15. e5 Nd5 16. Nxd5 Rxd5 17. Nb5 Rad8 18. Nd6 Bxd6 19. exd6 Nb4 20. Rdc1 Nd3
21. Rc7 Nxf4 22. Qf3 Nh3+ 23. Qxh3 Qxc7 0-1

[Event "4NCL Division Two"]
[Site "Daventry, ENG"]
[Date "2023.03.19"]
[Round "8.24"]
[White "Shafi, Declan"]
[Black "Ahluwalia, Amardip"]
[Result "0-1"]
[WhiteElo "2202"]
[BlackElo "2165"]
[PlyCount "50"]
[EventDate "2023.03.19"]
[WhiteTeam "Alba"]
[BlackTeam "The ADs"]

1. Nf3 Nf6 2. c4 e6 3. g3 d5 4. Bg2 Be7 5. O-O O-O 6. d4 dxc4 7. Qc2 a6 8. a4
Nbd7 9. Qxc4 c5 10. dxc5 Nxc5 11. Be3 Ncd7 12. a5 Nd5 13. Bd2 b5 14. axb6 Qxb6
15. e4 N5f6 16. Nc3 Bb7 17. Be3 Qb4 18. Qe2 Nxe4 19. Nd4 Nec5 20. Nc2 Qb6 21.
b4 Bxg2 22. bxc5 Bxf1 23. Qxf1 Nxc5 24. Na4 Qc7 25. Qc4 Rfc8 0-1

[Event "4NCL Division Two"]
[Site "Daventry, ENG"]
[Date "2023.03.19"]
[Round "8.25"]
[White "Roe, Simon J"]
[Black "White, Stuart A"]
[Result "1-0"]
[WhiteElo "2134"]
[BlackElo "2049"]
[PlyCount "123"]
[EventDate "2023.03.19"]
[WhiteTeam "The ADs"]
[BlackTeam "Alba"]

1. c4 c6 2. Nf3 d5 3. e3 Nf6 4. Nc3 e6 5. b3 Bd6 6. Bb2 O-O 7. Be2 b6 8. Qc2
Bb7 9. O-O Nbd7 10. Rac1 Rc8 11. d4 Qe7 12. Rfe1 Rfe8 13. e4 dxe4 14. Nxe4 Nxe4
15. Qxe4 Nf6 16. Qh4 Bb4 17. Red1 Ba3 18. Bxa3 Qxa3 19. Rc2 c5 20. dxc5 Qxc5
21. Qd4 Qc6 22. Qd6 Qxd6 23. Rxd6 Rcd8 24. Rcd2 Rxd6 25. Rxd6 e5 26. b4 Kf8 27.
Nh4 Rc8 28. Nf5 Be4 29. Ne3 Ke7 30. Rd2 Rd8 31. Rxd8 Kxd8 32. f3 Bb1 33. a3 Kd7
34. Kf2 Kd6 35. Nd1 Ne8 36. Nc3 Bc2 37. Nb5+ Kd7 38. Nxa7 Nd6 39. c5 bxc5 40.
bxc5 Nf5 41. Bb5+ Kc7 42. Nc6 f6 43. g4 Nh4 44. Nb4 Bb3 45. Bd3 Ng6 46. Ke3 Nf8
47. Be4 Bc4 48. Kd2 g6 49. Kc3 Be6 50. Na6+ Kc8 51. c6 h5 52. gxh5 gxh5 53. Kb4
f5 54. Bd3 Ng6 55. Kc5 Nf4 56. Bc2 e4 57. fxe4 fxe4 58. Bxe4 Nh3 59. Kb6 Ng5
60. Bh1 Bg4 61. Bg2 h4 62. Nc5 1-0

[Event "4NCL Division Two"]
[Site "Daventry, ENG"]
[Date "2023.03.19"]
[Round "8.26"]
[White "Willetts, Stephen J"]
[Black "Duggan, John E"]
[Result "0-1"]
[WhiteElo "1988"]
[BlackElo "2145"]
[PlyCount "82"]
[EventDate "2023.03.19"]
[WhiteTeam "Alba"]
[BlackTeam "The ADs"]

1. d4 Nf6 2. c4 e6 3. Nc3 Bb4 4. e3 c5 5. a3 Bxc3+ 6. bxc3 O-O 7. Nf3 b6 8. Be2
Bb7 9. O-O d6 10. Nd2 Nc6 11. Bf3 Qc7 12. Re1 Na5 13. Bxb7 Qxb7 14. Bb2 Rac8
15. Rc1 Ne4 16. Nxe4 Qxe4 17. Qe2 Qb7 18. Red1 Rfd8 19. d5 e5 20. e4 Qa6 21.
Rc2 Qxc4 22. Qxc4 Nxc4 23. Bc1 b5 24. Ra2 a5 25. f4 exf4 26. Bxf4 Re8 27. Kf2
Rxe4 28. Kf3 f5 29. Rb1 Rb8 30. g4 Ne5+ 31. Bxe5 Rxe5 32. Rab2 fxg4+ 33. Kxg4
b4 34. axb4 axb4 35. cxb4 Re4+ 36. Kf3 Rexb4 37. Rxb4 Rxb4 38. Rd1 Kf7 39. Ke3
Kf6 40. Rf1+ Ke5 41. Rg1 Rb3+ 0-1

[Event "4NCL Division Two"]
[Site "Daventry, ENG"]
[Date "2023.03.19"]
[Round "8.27"]
[White "Agrawal, Shivam"]
[Black "Lampard, Alice"]
[Result "0-1"]
[WhiteElo "2112"]
[BlackElo "1948"]
[PlyCount "74"]
[EventDate "2023.03.19"]
[WhiteTeam "The ADs"]
[BlackTeam "Alba"]

1. d4 Nf6 2. c4 e6 3. Nc3 d5 4. Bg5 Be7 5. e3 Nbd7 6. Nf3 h6 7. Bh4 Ne4 8. Bxe7
Qxe7 9. Bd3 Nxc3 10. bxc3 dxc4 11. Bxc4 O-O 12. O-O c5 13. Re1 Rd8 14. e4 cxd4
15. cxd4 Nb6 16. Qb3 Nxc4 17. Qxc4 b6 18. Rac1 Bb7 19. Qa4 Qd7 20. Qa3 Rdc8 21.
Rxc8+ Qxc8 22. Qe7 Rb8 23. Ne5 Qf8 24. Qc7 Bxe4 25. Qxa7 Rb7 26. Qa6 Bd5 27.
Rb1 Qd8 28. Rb4 Qg5 29. Qf1 Rc7 30. f4 Qd8 31. a3 Rc2 32. Nf3 Qc7 33. Ne1 Rc1
34. Kf2 Qxf4+ 35. Ke2 Qg4+ 36. Kd2 Qg5+ 37. Kd3 Rd1+ 0-1

[Event "4NCL Division Two"]
[Site "Daventry, ENG"]
[Date "2023.03.19"]
[Round "8.28"]
[White "Vijayakumar, Rishi"]
[Black "Bellin, Jana M"]
[Result "1/2-1/2"]
[WhiteElo "1843"]
[BlackElo "1979"]
[PlyCount "42"]
[EventDate "2023.03.19"]
[WhiteTeam "Alba"]
[BlackTeam "The ADs"]

1. d4 Nf6 2. c4 c5 3. d5 e5 4. Nc3 d6 5. e4 Be7 6. g3 b5 7. cxb5 a6 8. Bg2 O-O
9. Nge2 Qa5 10. bxa6 Bxa6 11. O-O Nbd7 12. h3 Rfb8 13. Qc2 c4 14. Be3 Bd8 15.
a3 Bb6 16. Bd2 Nc5 17. Na2 Qa4 18. Qxa4 Nxa4 19. Be3 Bc5 20. Nb4 Nd7 21. Rab1
Bb5 1/2-1/2